000 00674nam a22002417a 4500
001 BR7604463
003 BR-BrBNA
005 20230928085110.0
007 ta
008 230509b bl.||||| |||| 00| 0 por d
040 _aBR-BrBNA
_bpor
_cBiblioteca Nacional de Agricultura
041 _a(Por)
072 _aN10
090 _ N10 BR7604463
100 1 _aSobral, L.M.
110 1 _aComissao Executiva do Plano da Lavoura Cacaueira, Ilheus, BA (Brasil). Depto. de Extensao
_92112
245 1 _aConstrucoes rurais
260 3 _aIlheus, BA (Brasil):
_c1976.
300 _a121 p.
650 _aINSTALACAO AGRICOLA
909 _a202309
_bLucia
_c55
_dLucia Elande
942 _cBK
999 _c22780
_d22780